[Event "II Weekend INPS"]
[Site "Roma ITA"]
[Date "1997.??.??"]
[Round "3"]
[White "Gardon, Ermanno"]
[Black "Passerotti, Pierluigi"]
[Result "0-1"]
[WhiteElo "1722"]
[BlackElo "2310"]
[PlyCount "68"]
[EventDate "1997.??.??"]

1. e4 c5 2. Nf3 Nc6 3. d4 cxd4 4. Nxd4 e6 5. Nb5 d6 6. c4 Nf6 7. N1c3 a6 8. Na3
Be7 9. Be2 b6 10. O-O Bb7 11. Be3 O-O 12. f3 Re8 13. Nc2 Rc8 14. Qd2 Ne5 15. b3
Qc7 16. Na4 Ned7 17. Rac1 d5 18. cxd5 exd5 19. Nd4 Qd8 20. Rxc8 Qxc8 21. Nf5
Bf8 22. Rc1 Qd8 23. exd5 Nxd5 24. Bd4 b5 25. Nc3 Nxc3 26. Bxc3 Nb6 27. Qxd8
Rxd8 28. Ba5 Re8 29. Bxb6 Rxe2 30. Rc7 Re6 31. Bd4 Bc6 32. Rc8 Be8 33. Ne3 f6
34. Nd5 Rd6 0-1

[Event "II Weekend INPS"]
[Site "Roma ITA"]
[Date "1997.??.??"]
[Round "3"]
[White "Ianniello, Riccardo"]
[Black "Simeoni, Matteo"]
[Result "1-0"]
[WhiteElo "2300"]
[BlackElo "1830"]
[PlyCount "91"]
[EventDate "1997.??.??"]

1. e4 c5 2. Nf3 d6 3. Bc4 Nc6 4. Qe2 Nf6 5. h3 e6 6. Bb3 Be7 7. c3 Bd7 8. O-O
Qb6 9. d3 h6 10. Be3 g5 11. Nh2 a6 12. Nd2 e5 13. Rab1 Qc7 14. Rfc1 Qc8 15. Bd1
Be6 16. b3 Qd7 17. Ndf1 h5 18. Qd2 g4 19. h4 d5 20. Bc2 Rd8 21. Bg5 Nh7 22.
Bxe7 Qxe7 23. exd5 Bxd5 24. g3 Rd6 25. Re1 O-O 26. Qe3 b6 27. a3 a5 28. d4 cxd4
29. cxd4 Re6 30. dxe5 Rxe5 31. Qd3 f5 32. Rxe5 Qxe5 33. Rd1 Ne7 34. Ne3 Be4 35.
Qc4+ Kh8 36. Bxe4 fxe4 37. Qd4 Nc6 38. Qxb6 Qf6 39. Nd5 Qd6 40. Nc3 Qe6 41. Ne2
Rb8 42. Qc7 Qxb3 43. Rd7 Qb1+ 44. Kg2 e3 45. Qxc6 Qb2 46. Qh6 1-0

[Event "II Weekend INPS"]
[Site "Roma ITA"]
[Date "1997.??.??"]
[Round "3"]
[White "Marta, Daniele"]
[Black "Lagumina, Giulio"]
[Result "1/2-1/2"]
[WhiteElo "1816"]
[BlackElo "2265"]
[PlyCount "36"]
[EventDate "1997.??.??"]

1. d4 d5 2. Nf3 e6 3. c4 Nf6 4. Bg5 c6 5. e3 Nbd7 6. Nc3 Be7 7. Bd3 O-O 8. O-O
dxc4 9. Bxc4 b5 10. Bd3 Bb7 11. Rc1 Rc8 12. Qe2 b4 13. Ne4 Nxe4 14. Bxe7 Qxe7
15. Bxe4 Nf6 16. Bd3 c5 17. Ba6 Ne4 18. Rfd1 cxd4 1/2-1/2

[Event "II Weekend INPS"]
[Site "Roma ITA"]
[Date "1997.??.??"]
[Round "3"]
[White "Mazziotto, Nicola"]
[Black "Vannelli, Vittorio"]
[Result "0-1"]
[WhiteElo "1570"]
[BlackElo "1636"]
[PlyCount "36"]
[EventDate "1997.??.??"]

1. e4 c5 2. c3 Nf6 3. e5 Nd5 4. d4 cxd4 5. Nf3 e6 6. Qxd4 b6 7. Qe4 Bb7 8. Na3
Bxa3 9. bxa3 Qc7 10. c4 Nb4 11. Qe2 Bxf3 12. Qxf3 Qxe5+ 13. Kd2 Qd4+ 14. Bd3
Nxd3 15. Qxa8 Nxc1+ 16. Kxc1 Qxa1+ 17. Kd2 Qxa2+ 18. Kd1 O-O 0-1

[Event "II Weekend INPS"]
[Site "Roma ITA"]
[Date "1997.??.??"]
[Round "3"]
[White "Mogranzini, Roberto"]
[Black "Scavo, Fernando"]
[Result "0-1"]
[WhiteElo "1834"]
[BlackElo "2185"]
[PlyCount "52"]
[EventDate "1997.??.??"]

1. e4 e6 2. d4 d5 3. e5 c5 4. c3 Nc6 5. Nf3 Qb6 6. Bd3 cxd4 7. cxd4 Bd7 8. O-O
Nxd4 9. Nxd4 Qxd4 10. Nc3 a6 11. Qe2 Ne7 12. Kh1 Nc6 13. f4 Nb4 14. Bb1 Qc4 15.
Qd1 d4 16. Ne4 Bb5 17. Re1 Nd3 18. Bxd3 Qxd3 19. Qg4 Bc6 20. Ng3 h5 21. Rd1
hxg4 22. Rxd3 O-O-O 23. a4 Bb4 24. Ne2 Be4 25. Rxd4 Rxd4 26. Nxd4 g3 0-1

[Event "II Weekend INPS"]
[Site "Roma ITA"]
[Date "1997.??.??"]
[Round "3"]
[White "Monteleone, Antonio"]
[Black "Manzanilla, Rufino"]
[Result "1-0"]
[WhiteElo "2190"]
[BlackElo "1600"]
[PlyCount "103"]
[EventDate "1997.??.??"]

1. d4 c6 2. c4 d5 3. Nf3 Bg4 4. Ne5 Bf5 5. cxd5 Bxb1 6. Rxb1 Qxd5 7. e3 e6 8.
Bd2 Nf6 9. f3 Be7 10. Bc4 Qd8 11. Qb3 Qc8 12. O-O O-O 13. e4 b5 14. Be2 Nbd7
15. Rbc1 Nxe5 16. dxe5 Nd7 17. f4 Qb7 18. Be3 Rfd8 19. Kh1 a5 20. a4 Rab8 21.
axb5 cxb5 22. Rfd1 a4 23. Qc2 Rdc8 24. Qd3 Rxc1 25. Rxc1 g6 26. Qc2 a3 27. bxa3
Bxa3 28. Rb1 b4 29. Bc4 Qc6 30. Qd3 Kg7 31. h3 Nc5 32. Bxc5 Qxc5 33. Bb3 Rc8
34. Qd7 Rc7 35. Qd8 Qe7 36. Qd4 Rc3 37. f5 gxf5 38. exf5 exf5 39. e6+ f6 40.
Qd5 Rc5 41. Qf3 Re5 42. Qg3+ Kf8 43. Rd1 Rxe6 44. Bxe6 Qxe6 45. Rd8+ Qe8 46.
Qd6+ Kf7 47. Rxe8 Kxe8 48. Qxf6 h6 49. Kg1 b3 50. Qe6+ Be7 51. Qxb3 Bc5+ 52.
Kf1 1-0

[Event "II Weekend INPS"]
[Site "Roma ITA"]
[Date "1997.??.??"]
[Round "3"]
[White "Morgia, Fabrizio"]
[Black "Pierangeli, Andrea"]
[Result "0-1"]
[WhiteElo "1600"]
[BlackElo "1783"]
[PlyCount "132"]
[EventDate "1997.??.??"]

1. e4 c5 2. Nf3 d6 3. d4 cxd4 4. Nxd4 Nf6 5. Nc3 a6 6. Be3 e6 7. a4 Be7 8. Be2
O-O 9. f4 Nbd7 10. O-O b6 11. Nc6 Qe8 12. e5 dxe5 13. Nxe7+ Qxe7 14. fxe5 Ne8
15. Ne4 Nxe5 16. Bxb6 Nd7 17. Bd4 Bb7 18. Bf3 f5 19. Ng3 Nd6 20. Bxb7 Nxb7 21.
Qe2 Rfe8 22. Rae1 g6 23. Qc4 Nd6 24. Qe2 e5 25. c4 Qe6 26. c5 Nf7 27. b4 Qc6
28. Bc3 e4 29. Qc2 Nde5 30. Ne2 Nd3 31. Rb1 h6 32. Nd4 Qc7 33. Ne2 a5 34. Nc1
axb4 35. Nxd3 exd3 36. Qxd3 bxc3 37. Qxc3 Rxa4 38. Rb6 Qe5 39. Rxg6+ Kh7 40.
Qxe5 Rxe5 41. Rf6 Ng5 42. R6xf5 Rxf5 43. Rxf5 Rc4 44. Re5 Rc2 45. h3 Kg7 46.
Rd5 Ne6 47. c6 Rxc6 48. Rd2 Kg6 49. Ra2 Kf5 50. Rf2+ Kg5 51. Ra2 Nd4 52. Ra5+
Kf4 53. Kh2 Rc2 54. Ra4 Rd2 55. Ra3 h5 56. Rg3 h4 57. Ra3 Nf5 58. Rf3+ Ke4 59.
Ra3 Ng3 60. Ra4+ Rd4 61. Ra3 Kf4 62. Rf3+ Ke5 63. Ra3 Rd1 64. Ra5+ Kd6 65. Ra1
Nf1+ 66. Kg1 Rxa1 0-1

[Event "II Weekend INPS"]
[Site "Roma ITA"]
[Date "1997.??.??"]
[Round "3"]
[White "Quimi, Marco"]
[Black "Celletti, Luca"]
[Result "1-0"]
[WhiteElo "2240"]
[BlackElo "1600"]
[PlyCount "73"]
[EventDate "1997.??.??"]

1. e4 e5 2. Nf3 Nc6 3. Bc4 Bc5 4. b4 Bxb4 5. c3 Bc5 6. d4 exd4 7. O-O d6 8.
cxd4 Bb6 9. Bg5 Nge7 10. h3 O-O 11. Nc3 Na5 12. Bd3 h6 13. Bh4 Qe8 14. Re1 Ng6
15. Bg3 Nc6 16. Bc4 Bd7 17. Rc1 Na5 18. Bd3 Nc6 19. Nd5 Qd8 20. Bb1 Re8 21. e5
dxe5 22. Nxb6 cxb6 23. d5 Nd4 24. Nxe5 Nxe5 25. Bxe5 Nb5 26. Qd3 f5 27. a4 Qg5
28. f4 Qg6 29. axb5 Rad8 30. Rc7 a6 31. bxa6 bxa6 32. Re3 Re7 33. Rg3 Qh7 34.
d6 Rxe5 35. fxe5 Kf8 36. Ba2 Bb5 37. Qd5 1-0

[Event "II Weekend INPS"]
[Site "Roma ITA"]
[Date "1997.??.??"]
[Round "3"]
[White "Rovatti, Paolo"]
[Black "Pezzaldi, Roberto"]
[Result "0-1"]
[WhiteElo "1714"]
[BlackElo "2095"]
[PlyCount "52"]
[EventDate "1997.??.??"]

1. d4 e6 2. e3 f5 3. Bd3 Nf6 4. Nf3 b6 5. Nbd2 Bb7 6. Qe2 Ne4 7. Ne5 Qf6 8. O-O
Bd6 9. Bxe4 fxe4 10. f4 Bb4 11. c4 h5 12. a3 Bxd2 13. Bxd2 d6 14. Bb4 a5 15.
Bc3 dxe5 16. fxe5 Qe7 17. d5 exd5 18. e6 Na6 19. Rf7 Qxe6 20. Rxg7 O-O-O 21.
cxd5 Qxd5 22. Rg6 Rhf8 23. b4 Qd3 24. Qb2 Qxe3+ 25. Kh1 Qd3 26. Rc1 Rf1+ 0-1

[Event "II Weekend INPS"]
[Site "Roma ITA"]
[Date "1997.??.??"]
[Round "3"]
[White "Scacco, Mauro"]
[Black "Ramondino, Renzo"]
[Result "1-0"]
[WhiteElo "2045"]
[BlackElo "1600"]
[PlyCount "53"]
[EventDate "1997.??.??"]

1. e4 c5 2. Nf3 d6 3. d4 cxd4 4. Nxd4 Nf6 5. Nc3 g6 6. Be2 Bg7 7. Be3 Nc6 8.
O-O O-O 9. Nb3 Be6 10. f4 Rc8 11. g4 Na5 12. Nxa5 Qxa5 13. Bf3 Rc4 14. f5 Bc8
15. g5 Nd7 16. Nd5 Re8 17. c3 e6 18. fxe6 fxe6 19. Nf6+ Nxf6 20. gxf6 Bxf6 21.
Qxd6 Rd8 22. Qf4 Be5 23. Qh4 Rf8 24. Be2 Rc7 25. Rxf8+ Kxf8 26. Qd8+ Kg7 27.
Rf1 1-0

[Event "II Weekend INPS"]
[Site "Roma ITA"]
[Date "1997.??.??"]
[Round "3"]
[White "Spano' Cuomo, Gaetano"]
[Black "Corvi, Marco"]
[Result "1/2-1/2"]
[WhiteElo "1641"]
[BlackElo "2260"]
[PlyCount "95"]
[EventDate "1997.??.??"]

1. d4 f5 2. Nf3 Nf6 3. c4 e6 4. Bg5 b6 5. Nc3 Bb7 6. Qc2 h6 7. Bd2 Ne4 8. e3
Be7 9. Nxe4 fxe4 10. Ne5 O-O 11. Ng6 Rf6 12. Nxe7+ Qxe7 13. d5 exd5 14. cxd5
Bxd5 15. Qxc7 Nc6 16. Bc3 Rf7 17. Be2 Qe6 18. Qg3 Bc4 19. Qg4 Qxg4 20. Bxg4
Raf8 21. f4 exf3 22. gxf3 Kh7 23. Rg1 g6 24. b3 Be6 25. Bxe6 dxe6 26. f4 Rc8
27. Ke2 Ne7 28. Rac1 Nd5 29. Be5 Rff8 30. a3 b5 31. b4 a6 32. Bd4 Rfd8 33. Bc5
Rd7 34. h4 Rcd8 35. Rgd1 Nc3+ 36. Rxc3 Rxd1 37. Bd4 R1xd4 38. exd4 Kg7 39. Ke3
Kf6 40. Ke4 Rd5 41. Rc6 Rh5 42. Rxa6 Rxh4 43. d5 g5 44. Rxe6+ Kf7 45. Ke5 Rxf4
46. Rxh6 Rf1 47. d6 Rd1 48. Kf5 1/2-1/2

[Event "II Weekend INPS"]
[Site "Roma ITA"]
[Date "1997.??.??"]
[Round "3"]
[White "Sposito, Paolo"]
[Black "Ferri, Stefano"]
[Result "0-1"]
[WhiteElo "1459"]
[BlackElo "1901"]
[PlyCount "56"]
[EventDate "1997.??.??"]

1. d4 Nf6 2. c4 g6 3. Nc3 Bg7 4. e4 O-O 5. Bd3 d6 6. Nge2 Nc6 7. Bg5 h6 8. Bh4
Nd7 9. Qd2 a6 10. O-O-O Rb8 11. f3 Nb4 12. Bf2 Nxd3+ 13. Qxd3 b5 14. c5 c6 15.
f4 Qa5 16. Qb1 b4 17. cxd6 bxc3 18. Nxc3 exd6 19. f5 Nb6 20. Qd3 gxf5 21. Bg3
fxe4 22. Qe2 Qg5+ 23. Kb1 Qg6 24. Ka1 Bg4 25. Qxe4 Bxd1 26. Qxg6 fxg6 27. Bxd6
Bg4 28. Bxb8 Rxb8 0-1

[Event "II Weekend INPS"]
[Site "Roma ITA"]
[Date "1997.??.??"]
[Round "3"]
[White "Verrascina, Nicola"]
[Black "Fantazzini, Massimiliano"]
[Result "1-0"]
[WhiteElo "2145"]
[BlackElo "1714"]
[PlyCount "59"]
[EventDate "1997.??.??"]

1. d4 Nf6 2. Bg5 d5 3. Bxf6 exf6 4. e3 Bd6 5. c4 O-O 6. Nc3 dxc4 7. Bxc4 Nc6 8.
Nge2 Bg4 9. h3 Bh5 10. g4 Bg6 11. f4 f5 12. g5 Bh5 13. Qd3 Nb4 14. Qd2 Qe8 15.
Ng3 Bxf4 16. Nxh5 Bxe3 17. Qe2 Bxd4 18. O-O-O Qe3+ 19. Kb1 Rae8 20. Qxe3 Bxe3
21. Rd7 Bb6 22. Rf1 Rd8 23. Bxf7+ Kh8 24. Rfd1 Nc6 25. Rxd8 Nxd8 26. g6 hxg6
27. Bxg6 Ne6 28. Re1 Ng5 29. Nf4 Kg8 30. Re7 1-0

[Event "II Weekend INPS"]
[Site "Roma ITA"]
[Date "1997.??.??"]
[Round "4"]
[White "Campagna, Maurizio"]
[Black "Morgia, Fabrizio"]
[Result "1/2-1/2"]
[WhiteElo "1573"]
[BlackElo "1600"]
[PlyCount "82"]
[EventDate "1997.??.??"]

1. d4 Nf6 2. c4 g6 3. Nc3 d5 4. cxd5 Nxd5 5. e4 Nxc3 6. bxc3 Bg7 7. Ba3 O-O 8.
Bc4 Nd7 9. Ne2 c6 10. O-O b5 11. Bd3 a6 12. Qb3 Re8 13. f4 Qb6 14. Kh1 c5 15.
Qd5 Qb7 16. dxc5 Qxd5 17. exd5 Nf6 18. d6 exd6 19. cxd6 Bd7 20. Rac1 Ng4 21. h3
Ne3 22. Rf2 Rac8 23. Nd4 Bxd4 24. cxd4 Rxc1+ 25. Bxc1 Nc4 26. Bxc4 bxc4 27. Bd2
Re4 28. Bc3 Re6 29. Bb4 Re4 30. d5 Rd4 31. Re2 Rxd5 32. Re7 Bb5 33. Rc7 Rd3 34.
a4 Bxa4 35. Rxc4 Bb5 36. Rc7 h5 37. Bc3 f5 38. Rg7+ Kf8 39. Be5 Be8 40. Ra7 Bb5
41. Bf6 Rd5 1/2-1/2

[Event "II Weekend INPS"]
[Site "Roma ITA"]
[Date "1997.??.??"]
[Round "4"]
[White "Colangeli, Claudio"]
[Black "Mazziotto, Nicola"]
[Result "1-0"]
[WhiteElo "1651"]
[BlackElo "1570"]
[PlyCount "85"]
[EventDate "1997.??.??"]

1. d4 Nf6 2. c4 g6 3. Nc3 Bg7 4. e4 d6 5. Nf3 O-O 6. Be2 e5 7. d5 a5 8. Bg5 h6
9. Bh4 Na6 10. Nd2 Nc5 11. f3 g5 12. Bf2 Nh5 13. O-O Nf4 14. a3 Ncd3 15. Bxd3
Nxd3 16. Be3 Nf4 17. Qc2 Kh8 18. g3 Nh5 19. g4 Nf4 20. Bxf4 exf4 21. Kf2 Qf6
22. Qd3 Bd7 23. Rh1 Rfe8 24. Rad1 Ra6 25. e5 Rxe5 26. Nde4 Qg6 27. h4 f6 28.
hxg5 fxg5 29. Rh5 Rb6 30. Rd2 Kg8 31. Nb5 Bxg4 32. Rh1 Bxf3 33. Qxf3 Qxe4 34.
Qxe4 Rxe4 35. Nxc7 Rxb2 36. Rxb2 Bxb2 37. Rxh6 Kg7 38. Rxd6 Bd4+ 39. Kg2 Re2+
40. Kf1 Re4 41. Ne6+ Kf6 42. Nxd4+ Ke5 43. Re6+ 1-0

[Event "II Weekend INPS"]
[Site "Roma ITA"]
[Date "1997.??.??"]
[Round "4"]
[White "De Blasio, Alessandro"]
[Black "Abuhamdieh, Arafat"]
[Result "1-0"]
[WhiteElo "1570"]
[BlackElo "1294"]
[PlyCount "121"]
[EventDate "1997.??.??"]

1. e4 e5 2. f4 d6 3. Nf3 Nc6 4. Bc4 Na5 5. Be2 exf4 6. d4 Bg4 7. Bxf4 Nf6 8.
Qd2 b6 9. b4 Nb7 10. Ba6 Rb8 11. O-O Be7 12. e5 Nd5 13. Bb5+ Bd7 14. Bc4 Nxb4
15. exd6 cxd6 16. Bxf7+ Kxf7 17. Qxb4 Rc8 18. Qb3+ Be6 19. Ng5+ Ke8 20. Qxe6
Rxc2 21. Nf7 Qc7 22. Nxh8 Qc6 23. Qg8+ Kd7 24. Qxg7 Nd8 25. Na3 Ne6 26. Qg4 h5
27. Qh3 Rc3 28. Rac1 Rxh3 29. Rxc6 Rxa3 30. Rc2 Bf6 31. Ng6 Bxd4+ 32. Kh1 Bc5
33. Bc1 Rd3 34. Rd2 Rc3 35. Rdd1 Kc6 36. Nf4 Nxf4 37. Bxf4 d5 38. Rf3 Rc2 39.
Rfd3 d4 40. Be5 Rxa2 41. Bxd4 Bf8 42. Rh3 Ra5 43. Kg1 Rd5 44. Rhd3 Rb5 45. Rc3+
Kb7 46. Be3 a5 47. Rd7+ Ka6 48. Rf7 Bd6 49. Rd7 Be5 50. Rc6 Rb1+ 51. Kf2 Rb2+
52. Rd2 Rb3 53. h3 a4 54. Ra2 Ka5 55. Bxb6+ Kb4 56. Rc8 Kb5 57. Rc5+ Kxb6 58.
Rxe5 a3 59. Re3 Rb2+ 60. Rxb2+ axb2 61. Rb3+ 1-0

[Event "II Weekend INPS"]
[Site "Roma ITA"]
[Date "1997.??.??"]
[Round "4"]
[White "Dentale, Enrico"]
[Black "Cenni, Franco"]
[Result "1/2-1/2"]
[WhiteElo "1600"]
[BlackElo "1663"]
[PlyCount "125"]
[EventDate "1997.??.??"]

1. d4 d5 2. c4 c6 3. Nf3 Nf6 4. e3 Nbd7 5. Nc3 e6 6. Bd3 h6 7. O-O Bd6 8. Re1
O-O 9. e4 dxe4 10. Nxe4 Nxe4 11. Bxe4 Nf6 12. Bc2 b6 13. b3 Bb7 14. Bb2 Rc8 15.
Qd3 Re8 16. Rad1 g6 17. Bc1 Kh7 18. Qd2 Ng8 19. Qe3 Qf6 20. c5 Bc7 21. Ne5 Bxe5
22. dxe5 Qe7 23. cxb6 axb6 24. Qxb6 c5 25. Ba3 Rc6 26. Qb5 Ra8 27. Be4 Rc7 28.
Bxc5 Rxc5 29. Qxb7 Qxb7 30. Bxb7 Rxa2 31. Rb1 Rcc2 32. f4 Ne7 33. Be4 Rcb2 34.
Rxb2 Rxb2 35. Re3 Kg8 36. Rd3 Kf8 37. Rd8+ Kg7 38. Rb8 g5 39. Rb7 Kf8 40. fxg5
hxg5 41. Kf1 Nf5 42. Bxf5 exf5 43. b4 g4 44. b5 Rb4 45. b6 Re4 46. Rb8+ Ke7 47.
b7 Rb4 48. Rg8 Rxb7 49. Kf2 Rb5 50. Kg3 Rxe5 51. Kf4 Rb5 52. Rg5 Kf6 53. Rh5
Rb4+ 54. Kg3 Kg6 55. Rh8 Kg5 56. h4+ gxh3 57. Rg8+ Kf6 58. gxh3 Rb1 59. Kg2
Rb2+ 60. Kf3 Rb3+ 61. Kg2 Rb2+ 62. Kf3 Rb3+ 63. Kg2 1/2-1/2

[Event "II Weekend INPS"]
[Site "Roma ITA"]
[Date "1997.??.??"]
[Round "4"]
[White "Fantazzini, Massimiliano"]
[Black "Luzi, Alessandro"]
[Result "1-0"]
[WhiteElo "1714"]
[BlackElo "1540"]
[PlyCount "92"]
[EventDate "1997.??.??"]

1. d4 Nf6 2. Nf3 g6 3. c4 Bg7 4. Nc3 O-O 5. e4 d6 6. Be2 e5 7. O-O Nc6 8. d5
Ne7 9. Ne1 Ne8 10. g4 f5 11. f3 f4 12. Nd3 c6 13. Rf2 cxd5 14. cxd5 g5 15. Bd2
Nf6 16. Rc1 h5 17. h3 hxg4 18. hxg4 Kf7 19. Nb5 Ne8 20. Rh2 Bd7 21. Na3 Rc8 22.
Rxc8 Qxc8 23. Kg2 Ng6 24. Be1 Nc7 25. Nc4 Ne8 26. Qb3 b5 27. Na5 a6 28. Kf1 Rh8
29. Rxh8 Bxh8 30. Nb4 Bf6 31. Nbc6 Bxc6 32. dxc6+ Qe6 33. Qc2 Qc8 34. a4 bxa4
35. Qxa4 Nc7 36. Nb7 Qh8 37. Nxd6+ Kg7 38. Nf5+ Kf8 39. Bb4+ Be7 40. Bxe7+ Nxe7
41. Qb4 Qf6 42. Qb8+ Ne8 43. c7 Qc6 44. c8=Q Nxc8 45. Qb4+ Ncd6 46. Nxd6 Nxd6
1-0

[Event "II Weekend INPS"]
[Site "Roma ITA"]
[Date "1997.??.??"]
[Round "4"]
[White "Farina, Saverio"]
[Black "Marta, Daniele"]
[Result "1/2-1/2"]
[WhiteElo "2195"]
[BlackElo "1816"]
[PlyCount "122"]
[EventDate "1997.??.??"]

1. d4 d6 2. c4 Nf6 3. Nc3 g6 4. e4 Bg7 5. Nge2 O-O 6. Ng3 c5 7. d5 e6 8. Be2
exd5 9. exd5 Re8 10. O-O h5 11. Bg5 Qb6 12. Qd2 Nbd7 13. Rae1 Nf8 14. Bxf6 Bxf6
15. Bxh5 Bd7 16. Be2 Nh7 17. Nge4 Bg7 18. h4 f5 19. Ng3 Qd8 20. h5 g5 21. Bd3
Qf6 22. Qc2 Rxe1 23. Rxe1 Rf8 24. Qe2 Re8 25. Qxe8+ Bxe8 26. Rxe8+ Nf8 27. Nxf5
g4 28. Re7 Bh6 29. Rxb7 Qg5 30. Ne2 Qd2 31. Nxh6+ Qxh6 32. Ng3 Qd2 33. Bf1 Nh7
34. Nf5 Nf6 35. Rb8+ Kh7 36. Rb7+ Kg8 37. Ng3 Kh8 38. a4 a5 39. b3 Qg5 40. Bd3
Qc1+ 41. Kh2 Qf4 42. Rb8+ Kg7 43. Bg6 Kh6 44. Kg1 Qc1+ 45. Nf1 Nxh5 46. Bxh5
Kxh5 47. g3 Qd1 48. Rb6 Kg5 49. Rb8 Kg6 50. Rb6 Kg5 51. Rb8 Kg6 52. Rg8+ Kf7
53. Rb8 Kg6 54. Rb6 Kg5 55. Rxd6 Qxb3 56. Ne3 Qb1+ 57. Kh2 Qh7+ 58. Kg1 Qb1+
59. Kh2 Qh7+ 60. Kg1 Qb1+ 61. Kh2 Qh7+ 1/2-1/2

[Event "II Weekend INPS"]
[Site "Roma ITA"]
[Date "1997.??.??"]
[Round "4"]
[White "Galdelli, Fabiano"]
[Black "Monteleone, Antonio"]
[Result "0-1"]
[WhiteElo "1738"]
[BlackElo "2190"]
[PlyCount "66"]
[EventDate "1997.??.??"]

1. e4 e6 2. d4 d5 3. Nc3 Nf6 4. Bg5 Bb4 5. Bxf6 Qxf6 6. e5 Qd8 7. Bd3 b6 8. a3
Bxc3+ 9. bxc3 Ba6 10. Nf3 O-O 11. O-O Bxd3 12. Qxd3 c5 13. Rfe1 Nc6 14. Kh1
cxd4 15. cxd4 Rc8 16. Nd2 Qh4 17. c3 Na5 18. Re3 Qh5 19. Rg3 Rc7 20. Rf1 Rfc8
21. Nb1 Qf5 22. Qxf5 exf5 23. f4 Rc4 24. h4 h5 25. Rg5 g6 26. e6 Re8 27. Re1
Kg7 28. Re5 f6 29. Rexf5 fxg5 30. Rf7+ Kg8 31. Rf6 gxf4 32. Rxg6+ Kh7 33. Rf6
Rc6 0-1

[Event "II Weekend INPS"]
[Site "Roma ITA"]
[Date "1997.??.??"]
[Round "4"]
[White "Gardon, Ermanno"]
[Black "Rovatti, Paolo"]
[Result "0-1"]
[WhiteElo "1722"]
[BlackElo "1714"]
[PlyCount "76"]
[EventDate "1997.??.??"]

1. e4 c6 2. d4 d5 3. e5 Bf5 4. Nf3 e6 5. a3 Ne7 6. Nh4 h6 7. Nxf5 Nxf5 8. c3
Nd7 9. Bd3 g6 10. Nd2 Be7 11. Nf3 h5 12. Bxf5 gxf5 13. h4 Rg8 14. Ng5 Rh8 15.
Be3 c5 16. dxc5 Bxc5 17. Rh3 Rc8 18. Kf1 Nxe5 19. Bxc5 Rxc5 20. Qd4 Qd6 21. Re1
f6 22. Nxe6 Rc4 23. Qxa7 Qxe6 24. Qb8+ Rc8 25. Qxb7 Qd7 26. Qb3 Kf7 27. Rd1 Rb8
28. Qa2 Qb5+ 29. Kg1 Qb3 30. Qb1 Qxb2 31. Qxf5 Qxa3 32. Rxd5 Qc1+ 33. Kh2 Ng4+
34. Kg3 Qxc3+ 35. Rd3 Qe5+ 36. Qxe5 Nxe5 37. Ra3 Rhg8+ 38. Kh2 Ng4+ 0-1

[Event "II Weekend INPS"]
[Site "Roma ITA"]
[Date "1997.??.??"]
[Round "4"]
[White "Lagumina, Giulio"]
[Black "Verrascina, Nicola"]
[Result "1-0"]
[WhiteElo "2265"]
[BlackElo "2145"]
[PlyCount "49"]
[EventDate "1997.??.??"]

1. d4 Nc6 2. e4 e5 3. Nf3 exd4 4. Nxd4 Nf6 5. Nxc6 bxc6 6. e5 Qe7 7. Qe2 Nd5 8.
c4 Ba6 9. Qe4 Nb6 10. Nc3 g6 11. Bf4 Bg7 12. c5 Bxf1 13. cxb6 Ba6 14. bxc7 O-O
15. O-O-O Rfe8 16. Rhe1 Bc8 17. Qc4 a5 18. Ne4 Ba6 19. Qd4 Qe6 20. Qxd7 Qxa2
21. Qxc6 a4 22. Nf6+ Bxf6 23. exf6 Qc4+ 24. Qxc4 Bxc4 25. Rxe8+ 1-0

[Event "II Weekend INPS"]
[Site "Roma ITA"]
[Date "1997.??.??"]
[Round "4"]
[White "Manzanilla, Rufino"]
[Black "Maddaloni, Giovanni"]
[Result "1-0"]
[WhiteElo "1600"]
[BlackElo "1571"]
[PlyCount "69"]
[EventDate "1997.??.??"]

1. Nf3 Nf6 2. d4 g6 3. c4 d6 4. h3 Bg7 5. Nc3 O-O 6. e3 Na6 7. a3 c5 8. d5 Nc7
9. Be2 a6 10. O-O Bd7 11. a4 Nfe8 12. e4 f5 13. Bd3 Rb8 14. exf5 Bxf5 15. Bxf5
Rxf5 16. Re1 b5 17. axb5 axb5 18. cxb5 Nxb5 19. Nxb5 Rxb5 20. Ra7 Nc7 21. Qe2
Rb8 22. Qxe7 Qxe7 23. Rxe7 Rc8 24. Raxc7 Rxc7 25. Rxc7 Rxd5 26. Re7 Be5 27.
Nxe5 Rd1+ 28. Kh2 Rxc1 29. Ng4 Rc2 30. Rd7 Rd2 31. b3 d5 32. Nf6+ Kf8 33. Rxd5
Rxf2 34. Nxh7+ Kg7 35. Ng5 1-0

[Event "II Weekend INPS"]
[Site "Roma ITA"]
[Date "1997.??.??"]
[Round "4"]
[White "Passerotti, Pierluigi"]
[Black "Chiaretti, Roberto"]
[Result "1-0"]
[WhiteElo "2310"]
[BlackElo "2150"]
[PlyCount "51"]
[EventDate "1997.??.??"]

1. d4 e6 2. Nf3 d5 3. e3 Nf6 4. Bd3 c5 5. b3 Nc6 6. Bb2 Bd6 7. Nbd2 O-O 8. O-O
Qe7 9. c4 cxd4 10. exd4 Ba3 11. Qc2 Bxb2 12. Qxb2 b6 13. Ne5 Bb7 14. Rfe1 dxc4
15. bxc4 Qb4 16. Nb3 Na5 17. Rad1 Rac8 18. Re3 Rfd8 19. Qe2 Nc6 20. Ng4 Nxg4
21. Qxg4 b5 22. a3 Qxa3 23. Bxh7+ Kxh7 24. Nc5 Qb2 25. Rh3+ Kg8 26. Nxe6 1-0

[Event "II Weekend INPS"]
[Site "Roma ITA"]
[Date "1997.??.??"]
[Round "4"]
[White "Piccioni, Marco"]
[Black "Corvi, Marco"]
[Result "0-1"]
[WhiteElo "1651"]
[BlackElo "2260"]
[PlyCount "88"]
[EventDate "1997.??.??"]

1. e4 Nf6 2. e5 Nd5 3. d4 d6 4. exd6 cxd6 5. Bb5+ Bd7 6. Bxd7+ Qxd7 7. Nf3 g6
8. O-O Bg7 9. Re1 O-O 10. Bg5 Nc6 11. c3 h6 12. Bh4 e6 13. Bg3 b5 14. Nbd2 Nce7
15. h3 Rfc8 16. Ne4 Nf5 17. Bh2 Nf6 18. Nxf6+ Bxf6 19. Nd2 Bg7 20. Ne4 d5 21.
Nc5 Qc6 22. Qd2 b4 23. Rab1 a5 24. Rec1 bxc3 25. bxc3 Bf6 26. Be5 Bg7 27. Bh2
e5 28. Nd3 exd4 29. cxd4 Qa4 30. Ne5 Qxd4 31. Qxd4 Nxd4 32. Re1 Ne6 33. Nxf7
Kxf7 34. Rb7+ Kg8 35. Be5 Re8 36. f4 Bxe5 37. fxe5 d4 38. Rf1 Rf8 39. Rf6 Rxf6
40. exf6 Rf8 41. Ra7 Rxf6 42. Rxa5 Rf5 43. Ra6 Kf7 44. Ra7+ Kf6 0-1

[Event "II Weekend INPS"]
[Site "Roma ITA"]
[Date "1997.??.??"]
[Round "4"]
[White "Quinto, Gianni"]
[Black "Corvi, Marco"]
[Result "1/2-1/2"]
[WhiteElo "2210"]
[BlackElo "2260"]
[PlyCount "78"]
[EventDate "1997.??.??"]

1. d4 f5 2. g3 Nf6 3. Bg2 g6 4. Nf3 Bg7 5. O-O O-O 6. c4 d6 7. Nc3 Nc6 8. d5
Na5 9. Nd2 c5 10. b3 Nxd5 11. Bxd5+ e6 12. Qc2 exd5 13. cxd5 f4 14. Bb2 Bh3 15.
Rfe1 fxg3 16. hxg3 Qf6 17. Nd1 Qf7 18. Bxg7 Qxg7 19. Qc3 b5 20. Qxg7+ Kxg7 21.
f3 Bd7 22. e4 h5 23. Rc1 Nb7 24. Nf2 a5 25. e5 dxe5 26. Nd3 a4 27. b4 c4 28.
Nc5 Nxc5 29. bxc5 Rac8 30. c6 Bxc6 31. dxc6 Rxc6 32. Rxe5 c3 33. Re7+ Rf7 34.
Rxf7+ Kxf7 35. Ne4 b4 36. Kf2 c2 37. Nd2 Rc3 38. Ne4 Rc6 39. Nd2 Rc3 1/2-1/2

[Event "II Weekend INPS"]
[Site "Roma ITA"]
[Date "1997.??.??"]
[Round "4"]
[White "Ramondino, Renzo"]
[Black "Celletti, Luca"]
[Result "1-0"]
[WhiteElo "1600"]
[BlackElo "1600"]
[PlyCount "96"]
[EventDate "1997.??.??"]

1. e4 e5 2. Bc4 Nc6 3. f4 exf4 4. Nf3 g5 5. Nc3 g4 6. O-O gxf3 7. d4 d6 8. Qxf3
Qf6 9. e5 Nxd4 10. exf6 Nxf3+ 11. Rxf3 Be6 12. Rxf4 Bh6 13. Re4 Bxc1 14. Rxc1
Kd7 15. Rf1 c6 16. Bxe6+ fxe6 17. g4 Rf8 18. g5 Rf7 19. Ref4 e5 20. R4f2 Ke6
21. Ne4 Rf8 22. h4 b6 23. h5 d5 24. Ng3 Nxf6 25. Rxf6+ Rxf6 26. Rxf6+ Kd7 27.
Nf5 a6 28. Nh6 e4 29. Kf2 d4 30. Nf7 Rg8 31. Rh6 Rg7 32. g6 hxg6 33. Ne5+ Kc7
34. hxg6 Kd6 35. Nd7 Rxg6 36. Rxg6+ Kxd7 37. Rg4 e3+ 38. Ke2 c5 39. Rg6 Kc7 40.
c3 dxc3 41. bxc3 a5 42. a4 Kb7 43. Kxe3 Kc7 44. Kd3 Kb7 45. Kc4 Ka7 46. Kb5 Kb7
47. Rg7+ Kc8 48. Kxb6 Kd8 1-0